Put the Alphabet Back into the Capital City - Statistics

General Stats
  • This quiz has been taken 47,550 times
  • The average score is 18 of 26
Answer Stats
Hint Explanation Answer % Correct
Soul Seoul E
86%
Luembourg Luxembourg X
86%
Hano Hanoi I
79%
La Pa La Paz Z
79%
Ern Bern B
78%
Pyonyang Pyongyang G
75%
Reykavík Reykjavík J
75%
Riadh Riyadh Y
75%
Ulaabaatar Ulaanbaatar N
73%
Andorra la Ella Andorra la Vella V
73%
Soia Sofia F
71%
Uito Quito Q
71%
Iga Riga R
71%
Port Moreby Port Moresby S
69%
Pogorica Podgorica D
68%
Phnom Pen Phnom Penh H
68%
Mogadish Mogadishu U
68%
Ljubjana Ljubljana L
66%
Windhoe Windhoek K
63%
Khartum Khartoum O
63%
Aman Amman M
61%
Addis Abba Addis Ababa A
55%
Kamala Kampala P
54%
Sure Sucre C
51%
Sri Jayawardenepura Kote Sri Jayawardenepura Kotte T
44%
South Taraa South Tarawa W
43%
No matching quizzes found
Score Distribution
Percent of People with Each Score
Percentile by Number Answered
Your Score History
You have not taken this quiz